Structure and dynamics of soil nematode community in wheat and potato fields

Bibliographic Details
Main Author: Háněl, Ladislav (Author)
Format: Article
Language:English

MARC

LEADER 00000nab a2200000uu 4500
001 vtls011432579
003 SK-MaSNL
005 20260303122647.0
008 230213|1994 xo |||||||||||||||||eng|
015 |a SNBRB 
035 |a (urnnbn)urn:nbn:sk:snk:ar-000u1p 
035 |a (uuid)8a542fed-65b9-4ab9-af0f-9790e38a9aef 
035 |a urn:nbn:sk:snk-abc8ui 
040 |a SNKBUCL  |b slo  |c SNKBUCL  |e AACR2 
041 0 |a eng 
044 |a xo  |c SK 
100 1 |a Háněl, Ladislav  |4 aut  |9 1137411 
245 1 0 |a Structure and dynamics of soil nematode community in wheat and potato fields  |c Ladislav Háněl 
773 0 |t Biologia : journal of the Slovak Academy of Sciences  |g Roč. 49, č. 2 (1994), s. 153-159 
954 |a odborná, vedecká literatúra cudzojazyčná (svetová)  |2 lita 
958 |a OND 
958 |a EUIPO 
958 |a article16 
999 |c 1921916  |d 1923846